Instant promotions

Spremljeno u:
Bibliografski detalji
Glavni autor: Sugars, Bradley J.
Format: Knjiga
Jezik:Undetermined
Izdano: New York, NY McGraw-Hill 2006
Teme:
Oznake: Dodaj oznaku
Bez oznaka, Budi prvi tko označuje ovaj zapis!
Thư viện lưu trữ: Trung tâm Học liệu Trường Đại học Cần Thơ
LEADER 00495nam a2200193Ia 4500
001 CTU_127970
008 210402s9999 xx 000 0 und d
020 |c 280000 
082 |a 659.113 
082 |b S947 
100 |a Sugars, Bradley J. 
245 0 |a Instant promotions 
245 0 |c Bradley J. Sugars 
260 |a New York, NY 
260 |b McGraw-Hill 
260 |c 2006 
650 |a Advertising campaigns. 
904 |i Minh 
980 |a Trung tâm Học liệu Trường Đại học Cần Thơ